000 00307nam a22001457a 4500
003 SGT
082 _a346.015 KUS
100 _aKUSUM
245 _aCASES & MATERIALS ON FAMILY LAW
250 _a3RD
260 _aNEW DELHI
_bUNIVERSAL
_c2013
300 _a468
650 _a FAMILY LAW
942 _2ddc
_cBK
_01
999 _c10355
_d10355